zpět

Detail výsledku týmu

Hotel Na Závisti, Kozojedy

Datum a čas kvízu

34 Celkem bodů Celkový počet nahraných bodů na tomto kvízu bez doplňovacích otázek.
3. Pořadí na kvízu Konečné umístění týmu na tomto kvízu.

Zaznamenané odpovědi

# Otázka Odpověď Body Výsledky
1. Jak se jmenuje velkolepá akce,... Dny NATO 1
2. Ve středu byly zveřejněny kone... Švédsko 1
3. Letošní ročník ankety Český sl... Tereza Pergnerová 0
4. Jistý americký obchodní řetěze... Walmart 0
5. Jeden český sportovně-herecký... Eva Samková, Marek Adamczyk 1
6. Třetí díl našeho seriálu se vl... 9 (1929) 1
7. Po Leninově smrti v roce 1924... Lev (Leon) 1
8. V první polovině 30. let došlo... Noc dlouhých nožů 1
9. Ve kterém městě byla roku 1935... v Norimberku 0
10. Jak se jmenoval tento muž, kte... Francisco Franco 0